| 000 | 00671nam 22002053 4500 | ||
|---|---|---|---|
| 001 | 202598 | ||
| 021 |
_aPT _b24982/89 |
||
| 090 | _a202598 | ||
| 100 | _a20260616d u||y0pory50 ba | ||
| 200 |
_aIntrodução à literatura comparada _fGerhard R. Kaiser _gtradução de Teresa Alegre |
||
| 210 |
_aLisboa _cFundação Calouste Gulbenkian _dimp. 1989 |
||
| 215 |
_a505, [7] p. _cbrochado _d19 cm |
||
| 225 | _aManuais universitários | ||
| 606 |
_93661 _aCrítica Literária.Estudos Literários |
||
| 675 |
_a82.09 _vPT _zpor |
||
| 700 |
_917533 _aKaisser _bGerhard R. _f1943- |
||
| 702 |
_917534 _aAlegre _bTeresa _f1961- |
||
| 801 |
_aPT _bBMMN _gRPC |
||
| 830 | _cVanda | ||
| 990 | _cLIVROS | ||